| 000 | 00953nam a22002417a 4500 | ||
|---|---|---|---|
| 005 | 20210325185359.0 | ||
| 008 | s2534 th tha d | ||
| 020 | _a9748352064 | ||
| 041 | _atha | ||
| 090 | _aอ AK370.T5B3 บ286ผ 2534 | ||
| 110 | 0 | _aบางกอกไกด์ | |
| 245 | 1 | 0 | _aแผนที่และคู่มือการใช้ถนน กรุงเทพมหานคร [2nd] |
| 260 | 3 |
_aกรุงเทพฯ : _bบางกอกไกด์, _c2534 |
|
| 300 |
_a185 หน้า : _b แผนที่ ; _c 26x38 ซม. |
||
| 610 | _aบางกอกไกด์ | ||
| 650 | 0 | 4 | _aกรุงเทพฯ -- แผนที่ถนน |
| 650 | 0 | 4 | _aแผนที่ถนน |
| 650 | 0 | 4 | _aแผนที่ถนนกรุงเทพฯ -- แผนที่ถนน |
| 850 | _aNALT | ||
| 942 | _cREF | ||
| 997 | _c000000000022809 | ||
| 998 | _aBENJALUCK SUTTHIWILAI | ||
| 999 |
_c22809 _d22809 |
||